Statistics for NCT Members

Click here to take the quiz!

General Stats

  • This quiz has been taken 4,445 times
    (3,716 since last reset)
  • The average score is 21 of 23

Answer Stats

Sub-unit (s)Member% Correct
NCT 127, NCT UMark
99%
NCT U, WayVLucas
98%
NCT 127Johnny
97%
NCT U, WayVTen
97%
NCT 127, NCT UTaeyong
97%
NCT 127, NCT U, WayVWinWin
96%
NCT 127Yuta
95%
NCT DreamJisung
94%
NCT DreamJaemin
94%
NCT 127, NCT UTaeil
94%
NCT 127, NCT DreamHaechan
94%
NCT DreamJeno
93%
NCT U, WayVKun
93%
NCT 127, NCT UJaehyun
93%
NCT 127, NCT UDoyoung
92%
WayVYangYang
92%
NCT DreamChenle
92%
WayVXiaojun
91%
NCT DreamRenjun
90%
NCT 127, NCT UJungwoo
89%
NCT UShotaro
89%
WayVHendery
89%
NCT USungchan
83%

Score Distribution

Percentile by Number Answered

Percent of People with Each Score

Your Score History

You have not taken this quiz since the last reset